Normal view
MARC view
Entry Topical Term
001 - CONTROL NUMBER
- control field: 1819
003 - CONTROL NUMBER IDENTIFIER
- control field: OSt
005 - DATE AND TIME OF LATEST TRANSACTION
- control field: 20110426140020.0
008 - FIXED-LENGTH DATA ELEMENTS
- fixed length control field: 110426|||a|||||| | ||| d
040 ## - CATALOGING SOURCE
- Original cataloging agency: OSt
- Transcribing agency: OSt
150 ## - HEADING--TOPICAL TERM
- Topical term or geographic name as entry element: Evidence.
670 ## - SOURCE DATA FOUND
- Source citation: Work cat.: (OSt)0: Uglow, Steve. 1818, Evidence /, 2006.
